000 00664nam a2200193Ia 4500
001 8576
003 GE_BSU
008 181216s||||||||xx |||||||||||||| ||und||
040 _cGE_BSU
245 _aРеферативный журнал.№12 Экономика.2013
245 _b20.Экономика промышленности.Выходит 12раз в год.
245 _cгл. ред. Ран П.А Минакир, и др.
260 _aМосква
260 _bВинити РАН
260 _c2013
300 _a16стр.30см.
653 _aРеферативный журнал.Экономика промышленности.
942 _cCR
999 _c41892
_d41892